| 000 | 01137nac a22002531u 4500 | ||
|---|---|---|---|
| 008 | 100922t xxu||||| |||| 00| 0 eng d | ||
| 010 | _a 98126331 | ||
| 020 | _a0750662565 | ||
| 082 | 0 | 0 |
_a666.94 _bLEA |
| 100 |
_aLea, F. M. _919805 |
||
| 245 | 1 | 0 |
_aLea's Chemistry of Cement and Concrete / _cEdited by Peter C. Hewlett |
| 246 | 3 | 0 | _aChemistry of cement and concrete |
| 250 | _a4th ed. | ||
| 260 |
_aLondon : _bArnold ; _aNew York : _bCopublished in North, Central, and South America by J. Wiley, _cc1998. |
||
| 300 |
_axxi, 1057 p. : _bill ; _c24 cm. |
||
| 504 | _aIncludes bibliographical references and indexes. | ||
| 650 | 0 |
_aCement. _919806 |
|
| 650 | 0 |
_aConcrete _xChemistry. _919807 |
|
| 700 | 1 |
_aHewlett, P. C. _919808 |
|
| 856 | 4 | 2 |
_3Publisher description _uhttp://www.loc.gov/catdir/description/els033/98126331.html |
| 856 | 4 | 2 |
_3Table of contents _uhttp://www.loc.gov/catdir/toc/els032/98126331.html |
| 942 |
_cBB _k666.94 LEA _2ddc |
||
| 999 |
_c1980 _d1980 |
||